We used to live here (Record no. 4712)

MARC details
000 -CABECERA
campo de control de longitud fija 01418nam a22002537a 4500
008 - DATOS DE LONGITUD FIJA--INFORMACIÓN GENERAL
campo de control de longitud fija 250605b |||||||| |||| 00| 0 eng d
020 ## - NÚMERO INTERNACIONAL ESTÁNDAR DEL LIBRO
Número Internacional Estándar del Libro 9780857506689
040 ## - FUENTE DE LA CATALOGACIÓN
Centro/agencia transcriptor tbs
041 ## - CÓDIGO DE LENGUA
Código de lengua del texto/banda sonora o título independiente eng
050 ## - SIGNATURA TOPOGRÁFICA DE LA BIBLIOTECA DEL CONGRESO
Número de clasificación PR9199.4.K5758
Número de documento/Ítem W4 2024
100 ## - ENTRADA PRINCIPAL--NOMBRE DE PERSONA
Nombre de persona Kliewer, Marcus
9 (RLIN) 25374
Término indicativo de función/relación author
245 ## - MENCIÓN DE TÍTULO
Título We used to live here
Mención de responsabilidad, etc. / Marcus Kliewer.
260 ## - PUBLICACIÓN, DISTRIBUCIÓN, ETC.
Lugar de publicación, distribución, etc. London :
Nombre del editor, distribuidor, etc. Transworld Publishers,
Fecha de publicación, distribución, etc. 2024.
300 ## - DESCRIPCIÓN FÍSICA
Extensión 312 pages ;
Dimensiones 24 cm.
520 ## - SUMARIO, ETC.
Sumario, etc. Young couple Charlie and Eve can’t believe the killer deal they got on an old house deep in the mountains. One day, a man knocks on the door. He says he lived there years before and asks if he can show his family around.<br/><br/>As soon as they enter, strange things start to happen, and Eve is desperate for them to leave and never come back. But they can’t – or won’t – take the hint that they are no longer welcome.<br/><br/>Then, Charlie vanishes, and Eve begins to lose her grip on reality. She’s convinced there’s something terribly wrong with the house and its past inhabitants . . . or is it all in her head?
650 #0 - PUNTO DE ACCESO ADICIONAL DE MATERIA--TÉRMINO DE MATERIA
Término de materia o nombre geográfico como elemento de entrada Flipping (Real estate investment)
9 (RLIN) 25375
650 #0 - PUNTO DE ACCESO ADICIONAL DE MATERIA--TÉRMINO DE MATERIA
Término de materia o nombre geográfico como elemento de entrada Dwellings
Subdivisión general Remodeling
9 (RLIN) 25376
650 #0 - PUNTO DE ACCESO ADICIONAL DE MATERIA--TÉRMINO DE MATERIA
Término de materia o nombre geográfico como elemento de entrada Haunted places
Subdivisión de forma Fiction
9 (RLIN) 25377
650 #0 - PUNTO DE ACCESO ADICIONAL DE MATERIA--TÉRMINO DE MATERIA
Término de materia o nombre geográfico como elemento de entrada Families
Subdivisión general Crimes against
Subdivisión de forma Fiction
9 (RLIN) 25378
650 #0 - PUNTO DE ACCESO ADICIONAL DE MATERIA--TÉRMINO DE MATERIA
Término de materia o nombre geográfico como elemento de entrada Missing persons
Subdivisión de forma Fiction
9 (RLIN) 24148
650 #0 - PUNTO DE ACCESO ADICIONAL DE MATERIA--TÉRMINO DE MATERIA
Término de materia o nombre geográfico como elemento de entrada Woman-woman relationships
9 (RLIN) 25380
655 #0 - TÉRMINO DE INDIZACIÓN--GÉNERO/FORMA
Datos o término principal de género/forma Pyschological fiction
9 (RLIN) 25379
942 ## - ELEMENTOS DE ENTRADA AGREGADA (KOHA)
Fuente del sistema de clasificación o colocación Clasificación de Library of Congress
Holdings
Estado de retiro Estado de pérdida Fuente del sistema de clasificación o colocación Estado dañado No para préstamo Biblioteca de origen Biblioteca actual Fecha de adquisición Total de préstamos Signatura topográfica completa Código de barras Fecha visto por última vez Número de copia Precio válido a partir de Tipo de ítem Koha
    Clasificación de Library of Congress     TBS Barcelona TBS Barcelona 05/06/2025   P-EN KLI B05791 05/06/2025 1 05/06/2025 Book

Powered by Koha